000 00685cab a2200241 4500
001 WB3517-23
008 090401t1999 xxu||||| |||| 00| 0 eng d
035 _a(Sirsi) u93140
041 _aeng
245 _aRental values will hold own
260 _c1999
350 _a0
490 _aFarmers' Weekly
_v130(18) 30 April 1999, 21(1)
520 _aShort-term agricultural rental values are unlikely to fall much below current levels despite the sharp downturn in farm profitability.
650 _a1999
650 _aAGENDA 2000
650 _aFARM RENTS
650 _aFORECASTS
650 _aRENTAL VALUES
690 _aRURAL PRACTICE
942 _n0
948 _c05/05/1999
999 _c59025
_d59025